| 000 | 00355nam a22001217a 4500 | ||
|---|---|---|---|
| 020 | _a1588260690 | ||
| 082 |
_222 _a338.91091724 |
||
| 100 | _aBrinkerhoff, jennifer m, | ||
| 245 | _aPartren ship for international Development Rhetoric or results / | ||
| 260 |
_bLynne Rienner publishers, _cc 2002 |
||
| 300 |
_axi, 205 p, ; _bNA _c24 cm. |
||
| 942 |
_2ddc _cGEN |
||
| 999 |
_c3843 _d3843 |
||